BIBLIOTHÈQUE DE LA MAISON DU MEXIQUE

Logo 1 Logo 2

Arqueología e historia del centro de México (notice nᵒ 2995)

détails MARC
000 -Sello discográfico
campo de control de longitud fija 01386nam a2200349 4500
005 - Identificación de versión
campo de control 20251016083429.0
010 ## - Número Estándar Internacional de Libros (ISBN)
Número (ISBN) 968-03-0180-X
035 ## - Otros números de control del sistema
Número de control del sistema 33133
099 ## - fechas locales
Tipo de ítem Koha LIBRO
100 ## - Datos de procesamiento general
Datos de procesamiento general 20120127d2006 m y1spay5003 ba
105 ## - Campo de datos codificados: Material textual, monográfico
Datos codificados de monografía a 101zy
200 1# - Título y mención de responsabilidad
Título propio Arqueología e historia del centro de México
Designación general del material texto impreso
Otra información del título homenaje a Eduardo Matos Moctezuma
Primer mención de responsabilidad Coordinación Leonardo López Luján, David Carrasco y Lourdes Cué
205 ## - Declaración de edición
Declaración de edición 1a ed
210 ## - Publicación, distribución, etc.
Lugar de publicación, distribución, etc. México
Nombre del editor, distribuidor, etc. Consejo Nacional para la Cultura y las Artes, Instituto Nacional de Antropología e Historia
Fecha de publicación, distribución, etc. 2006
215 ## - Descripción física
Designación de material específico y extensión del ítem 659 p
Otras características físicas il., fot.
Dimensiones 27 cm
300 ## - Notas generales
Texto de la nota Jornadas académicas en homenaje a Eduardo Matos Moctezuma entre el 20 y 24 de octubre 2003, Museo Nacional de Antropología
345 ## - Nota de información de adquisición
Fuente de adquisición/dirección de la suscripción [OBSOLETO] Donación 'Salon du Livre 2009'
600 ## - Nombre personal usado como materia
Elemento de entrada Matos Moctezuma
Parte del nombre distinta del elemento de entrada Eduardo
Fechas 1940-
Número Koha 13
606 ## - Término temático usado como materia
Elemento de entrada Arqueologos
Subdivisión geográfica México
Subdivisión temática Biografía
Número Koha 6353
606 ## - Término temático usado como materia
Elemento de entrada Aztecas
Subdivisión temática Antigüedades
Número Koha 6354
660 ## - Código de área geográfica
Código MX
702 ## - Nombre personal - Responsabilidad secundaria
Elemento de entrada Carrasco
Parte del nombre distinta del elemento de entrada David
Número Koha 6355
702 ## - Nombre personal - Responsabilidad secundaria
Elemento de entrada Cué
Parte del nombre distinta del elemento de entrada Lourdes
Número Koha 6356
702 ## - Nombre personal - Responsabilidad secundaria
Elemento de entrada López Luján
Parte del nombre distinta del elemento de entrada Leonardo Náuhmitl
Fechas 1964-
Número Koha 2395
801 #0 - Fuente de origen
País FR
Agencia cm
Reglas de catalogación (convenciones descriptivas) AFNOR
900 ## -
-- 1/16381
900 ## -
-- 710987952\\040398
942 ## - ELEMENTOS DE ENTRADA SECUNDARIOS (KOHA)
Tipo de ítem Koha Livre
996 ## -
-- MEX
-- 751145101
-- MMAG
-- 001524
-- 913.72 L864AR
-- 20120127LIV
Exemplaires
Estatus retirado Estado de daño Estado de pérdida Fecha de adquisición Biblioteca de origen Biblioteca actual Ubicación en estantería Código de barras Precio de reemplazo Signatura topográfica completa No para préstamo Tipo de ítem Koha Nota pública Nota no pública
      05/08/2025 Casa México Paris Casa México Paris   001524 05/08/2025 913.72 L864AR   Livre 20120127LIV 751145101